Uma Canção Para Órfãs (Um trono para irmãs-Livro #3)
Saved in:
| Main Author | |
|---|---|
| Format | Electronic eBook |
| Language | Czech |
| Published |
Lukeman Literary
2019
|
| Edition | 1. elektronické vydání |
| Subjects | |
| Online Access | Dostupné v BOOKPORT po přihlášení pomocí eduID |
| ISBN | 9781640298569 9781640298560 |
| Physical Description | 1 online zdroj (250 stran) |
Cover
| LEADER | 00000nam a2200000 i 4500 | ||
|---|---|---|---|
| 001 | bkp755427392 | ||
| 003 | CZ-prgp | ||
| 005 | 20210922093518.0 | ||
| 006 | m o d | ||
| 007 | cr cn | ||
| 008 | 210922s2019 xr o 000 1 cze | ||
| 020 | |a 9781640298569 |c 78 Kč |q (online ; epub) | ||
| 020 | |a 9781640298560 |c 78 Kč |q (print) | ||
| 040 | |a Grada |b cze |e rda | ||
| 100 | 1 | |a Morgan, Rice | |
| 245 | 1 | 0 | |a Uma Canção Para Órfãs (Um trono para irmãs-Livro #3) |c Rice Morgan |
| 250 | |a 1. elektronické vydání | ||
| 264 | 1 | |b Lukeman Literary |c 2019 | |
| 300 | |a 1 online zdroj (250 stran) | ||
| 336 | |a text |b txt |2 rdacontent | ||
| 337 | |a počítač |b c |2 rdamedia | ||
| 338 | |a online zdroj |b cr |2 rdacarrier | ||
| 520 | 3 | |a "A imaginação de Morgan Rice não tem limites. Em mais uma série que promete ser tão cativante como as anteriores, UM TRONO PARA IRMÃS apresenta-nos o conto de duas irmãs (Sophia e Kate), órfãs, que lutam para sobreviver no mundo cruel e exigente de um orfanato. Um sucesso imediato. Mal posso esperar para por as mãos no segundo e terceiros livros!" -- Books and Movie Reviews, Roberto Mattos De Morgan Rice, Bestseller #1, chega uma nova série inesquecível de fantasia. Em UMA CANÇÃO PARA ÓRFÃS (Um Trono para Irmãs - Livro Três), Sophia, de 17 anos, parte numa jornada em busca dos seus pais. A sua missão leva-a para terras estrangeiras e estranhas - e para um segredo chocante que ela nunca poderia imaginar. Kate, de 15 anos, é convocada pela bruxa, quando chega o momento de ela pagar o favor. Mas Kate está a mudar, a atingir a maioridade, a ficar cada vez mais poderosa - e o que será de Kate se ela ficar um acordo com a escuridão? Sebastian, um romântico, segue o seu coração, deitando tudo fora para rejeitar a sua família e encontrar Sophia. Mas Lady D'Angelica ainda está determinada em matá-la - e talvez tenha outros planos. UMA CANÇÃO PARA ÓRFÃS (Um Trono para Irmãs - Livro Três) é o terceiro livro de uma deslumbrante nova série de fantasia repleta de amor, desgosto, tragédia, ação, aventura, magia, espadas, feitiçaria, dragões, destino e suspense de tirar o fôlego. Um livro que não se quer parar de ler, ele está cheio de personagens que vão fazer com que você se apaixone, e com um mundo que você nunca vai esquecer. Livro #4 na série está agora igualmente disponível! "[UM TRONO PARA IRMÃS é um começo poderoso de uma série que irá produzir uma combinação de protagonistas corajosos e circunstâncias desafiantes para envolver completamente não apenas jovens adultos, mas também fãs de fantasia adulta que procuram histórias épicas alimentadas por amizades e adversários poderosos" --Midwest Book Review (Diane Donovan) | |
| 650 | 0 | 4 | |a Young Adult, New Adult |
| 856 | 4 | 0 | |u https://www.bookport.cz/AccountSaml/SignIn/?idp=https://shibboleth.utb.cz/idp/shibboleth&returnUrl=/kniha/uma-cancao-para-orfas-um-trono-para-irmas-livro-3-9436/ |y Dostupné v BOOKPORT po přihlášení pomocí eduID |